Maggiori navi italiane nella seconda guerra mondiale - Statistics

Statistiche generali
  • Questo quiz è stato fatto 40 volte
  • Il punteggio medio è 18 su 46
Statistiche sulle risposte
Tipo Classe Nave % Corretto
Corazzata Littorio Roma
80%
Incrociatore pesante Trento Trento
76%
Incrociatore pesante Zara Zara
76%
Incrociatore leggero Alberto di Giussano Alberto di Giussano
72%
Corazzata Littorio Littorio
72%
Incrociatore antiaereo * Etna Etna
68%
Incrociatore leggero Luigi Cadorna Luigi Cadorna
68%
Incrociatore leggero Raimondo Montecuccoli Raimondo Montecuccoli
68%
Incrociatore leggero Duca d'Aosta Duca d'Aosta
64%
Corazzata Duilio Duilio
64%
Incrociatore corazzato San Giorgio San Giorgio
64%
Corazzata Conte di Cavour Conte di Cavour
60%
Incrociatore leggero Duca degli Abruzzi Duca degli Abruzzi
60%
Corazzata Conte di Cavour Giulio Cesare
56%
Portaerei * / L'Aquila
52%
Incrociatore pesante Trento Trieste
52%
Corazzata Littorio Vittorio Veneto
52%
Incrociatore antiaereo * Etna Vesuvio
44%
Incrociatore pesante Trento Bolzano
40%
Corazzata * Littorio Impero
40%
Incrociatore leggero Duca degli Abruzzi Giuseppe Garibaldi
36%
Corazzata Duilio Andrea Doria
32%
Incrociatore pesante Zara Fiume
32%
Incrociatore pesante Zara Pola
32%
Portaerei * / Sparviero
32%
incrociatore leggero * Capitani romani Vipsanio Agrippa
32%
incrociatore leggero * Capitani romani Caio Mario
28%
incrociatore leggero * Capitani romani Ottaviano Augusto
28%
Incrociatore leggero Luigi Cadorna Armando Diaz
24%
incrociatore leggero * Capitani romani Cornelio Silla
24%
Incrociatore leggero Alberto di Giussano Giovanni delle Bande Nere
24%
Incrociatore pesante Zara Gorizia
24%
incrociatore leggero Capitani romani Pompeo Magno
24%
Incrociatore leggero Capitani romani Scipione Africano
24%
Incrociatore leggero Magdeburg Taranto
24%
Incrociatore leggero Pillau Bari
20%
incrociatore leggero * Capitani romani Claudio Tiberio
20%
Incrociatore leggero Duca d'Aosta Eugenio di Savoia
20%
incrociatore leggero * Capitani romani Giulio Germanico
20%
incrociatore leggero * Capitani romani Ulpio Traiano
20%
Incrociatore leggero Capitani romani Attilio Regolo
16%
incrociatore leggero * Capitani romani Claudio Druso
16%
Incrociatore leggero Alberto di Giussano Bartolomeo Colleoni
12%
incrociatore leggero * Capitani romani Paolo Emilio
12%
Incrociatore leggero Alberto di Giussano Alberico di Barbiano
8%
Incrociatore leggero Raimondo Montecuccoli Muzio Attendolo
8%
Nessun quiz corrispondente trovato
Distribuzione punteggi
Percentuale di utenti per punteggio
Percentile per numero di risposta
I tuoi punteggi nel tempo
Non hai fatto questo quiz